000 01098nam a22003377a 4500
003 CHAP
005 20220329140234.0
008 971013s1952 r 00010 d
010 _a49058
011 _a50030
035 _a54180
040 _cCHAP
090 _aTesis
100 0 0 _aVerduzco Gutiérrez, José.
_9118866
245 _aAlgunos aspectos del problema de sanidad forestal en México
260 _aChapingo, Méx. :
_bEl autor,
_c1952
300 _a180 p.
_b: ilus.
502 _aTesis (Ing. Agr. Esp. en Bosques) -- ENA. Departamento de Bosques
590 _aALEPH
_b10
_c20130110
_lUCH01
_h1321
590 _aBATCH-UPD
_b10
_c20130110
_lUCH01
_h0901
590 _aBATCH-UPD
_b10
_c20130410
_lUCH01
_h0530
590 _aBATCH-UPD
_b10
_c20130914
_lUCH01
_h0702
590 _aCONVERSION
_b10
_c20130109
_lUCH01
_h1327
650 1 4 _aÁrboles
_xPlagas.
_982440
650 1 4 _aBosques
_xAdministración.
_914003
650 1 4 _aSanidad vegetal.
_9102224
901 _aBK
942 _cFOLL
949 _bBC
_cTES
_d-119677
_eTS1
_i54180
_si
949 _bBC
_cTES
_d33724000689980
_eTS2
_fc.2
_i54180
_si
999 _c49058
_d49058